al-Muslimūn al-ʻAlawīyūn : man hum? wa-ayna hum? /

محفوظ في:

المؤلف الرئيسي: Sharīf, Munīr (مؤلف)

التنسيق: كتاب

اللغة: Arabic

منشور في: Dimashq : Al-Maṭbaʻah al-ʻUmūmīyah, 1960.

الطبعة: al-Ṭabʻah 2.

الموضوعات:

الوسوم: إضافة وسم

لا توجد وسوم, كن أول من يضع وسما على هذه التسجيلة!

رقم الطلب: BP195 .N7 S53 1960

LEADER 01018nam a2200253Ma 4500
001 8017
003 OSt
005 20230205095223.0
008 130303s1960 sy ac 000 0 ara d
952 |0 0  |1 0  |2 lcc  |4 0  |6 BP0195 N7 S53 01960  |7 1  |9 45473  |a ARCE  |b ARCE  |d 2023-02-05  |l 0  |o BP195 .N7 S53 1960  |p 1030280  |r 2023-02-05 00:00:00  |w 2023-02-05  |y BK 
999 |c 7898  |d 7898 
040 |c ARCE Library 
050 4 |a BP195 .N7 S53 1960 
100 1 |6 880-01  |a Sharīf, Munīr,  |e author 
245 1 3 |6 880-02  |a al-Muslimūn al-ʻAlawīyūn :   |b man hum? wa-ayna hum? /   |c Munīr al-Sharīf. 
246 3 0 |a ʻAlawīyūn. 
250 |a al-Ṭabʻah 2. 
264 1 |a Dimashq :   |b Al-Maṭbaʻah al-ʻUmūmīyah,   |c 1960. 
300 |a 255 pages :  |b illustrations, portraits ;  |c 24 cm. 
650 0 |a Nosairians.  |9 2275 
880 1 0 |6 100-01/(3/r  |a شريف، منير،‪‪‪‪‪ 
880 1 3 |6 245-02/(3/r  |a المسلمون العلويون :   |b من هم؟ و أين هم؟   |c منير الشريف.‪‪‪‪‪ 
901 |a reviewed 
942 |c BK  |2 lcc